| 000 | 00445nam a22001817a 4500 | ||
|---|---|---|---|
| 003 | OSt | ||
| 008 | 240427b |||||||| |||| 00| 0 eng d | ||
| 020 | _a9789355730817 | ||
| 082 | _a658.45 LEB | ||
| 100 | _aLEHMAN, Carol M. and DUFRENE, Debbie d. | ||
| 245 | _aBCOM: Business Communication | ||
| 250 | _a10th. ED. | ||
| 260 |
_aDelhi, _bCengage, _c2018 |
||
| 300 | _a327 p. | ||
| 650 | _aMCA | ||
| 700 | _aWALKER, Robyn | ||
| 942 |
_2ddc _cBK |
||
| 999 |
_c12570 _d12570 |
||